| 000 | 00000nam 2200000zi 4500 |
| 001 | 9.558231 |
| 003 | CaOODSP |
| 005 | 20210715143712 |
| 007 | cr ||||||||||| |
| 008 | 150406s2002||||xxc|||||o f|0| 0 eng d |
| 020 | |a0662328310 |
| 040 | |aCaOODSP|beng |
| 043 | |an-cn--- |
| 086 | 1 |aMP32-28/02-3-2E-PDF|zMP32-28/02-3-2E-IN |
| 100 | 1 |aRoberts, Paul, |eauthor. |
| 245 | 14|aThe effect of changes in maternal employment and family composition on children's behaviour / |cby Paul Roberts. |
| 264 | 1|aOttawa, Ontario : |bHuman Resources Development Canada, |c2002. |
| 300 | |a1 online resource (62 pages) : |btables. |
| 336 | |atext|btxt|2rdacontent |
| 337 | |acomputer|bc|2rdamedia |
| 338 | |aonline resource|bcr|2rdacarrier |
| 490 | 1 |aWorking paper ; |vW-02-3-2E |
| 500 | |aMay 2002. |
| 504 | |aIncludes bibliographical references. |
| 590 | |a06-10-Supp|b2006-12-15 |
| 690 | 07|aBehaviour|2gcpds |
| 690 | 07|aChildren|2gcpds |
| 690 | 07|aEmployment|2gcpds |
| 690 | 07|aFamily|2gcpds |
| 690 | 07|aParents|2gcpds |
| 690 | 07|aWomen workers|2gcpds |
| 710 | 1 |aCanada.|bHuman Resources Development Canada. |bApplied Research Branch, |eissuing body. |
| 775 | 08|tEffet des changements dans la situation d'emploi de la mère et la composition de la famille sur le comportement de l'enfant / |w(CaOODSP)9.591213 |
| 830 | #0|aWorking paper ;|vW-02-3-2E|w(CaOODSP)9.504477 |
| 856 | 40|ahttp://publications.gc.ca|qPDF|s628 KB|uhttps://publications.gc.ca/collections/Collection/MP32-28-02-3-2E.pdf|yW-02-3-2E |